000 00419nam a2200157Ia 4500
008 100122s9999 xx 000 0 und d
082 _b20990
_a823
100 _aAMIS KINGSLEY
245 _aTHE UNCERTAIN FEELING (BUNDLE- B)
250 _a0
260 _bVICTOR GOLLANCZ LTD
_c1962
300 _a254
630 _aTHE UNCERTAIN FEELING (BUNDLE- B)
730 _aTHE UNCERTAIN FEELING (BUNDLE- B)
942 _cBOOK
999 _c366627
_d366624